Генезис общества потребления и практики конструирования идентичности в условиях культуры демонстративного потребления; В мире научных открытий; № 11 (8)

書誌詳細
Parent link:В мире научных открытий.— , 2008-
№ 11 (8).— 2014.— [С. 3265-3273]
第一著者: Чайка Ю. А. Юлия Александровна
団体著者: Национальный исследовательский Томский политехнический университет (ТПУ) Институт социально-гуманитарных технологий (ИСГТ) Кафедра иностранных языков (ИЯСГТ)
その他の著者: Аверкиева Л. Г. Любовь Геннадьевна
要約:Заглавие с экрана
Статья рассматривает понятия «общества потребления» и культурной идентификации индивида, которая обусловлена развитием демонстративного потребления в современном мире. Особое внимание уделяется историческому генезису общества потребления и выдвижению СМИ на первый план в сфере формирования потребностей современного потребителя. Также затрагиваются те ценности, которые сегодня являются образцом для конструирования идентичности.
The paper deals with such notions as «consumer society» and cultural identity of a person, which is determined by the development of conspicuous consumption in the modern world. The highlights of this article are the historical genesis of the consumer society and the growing role of the Mass Media in the formation of modern consumer needs. The paper also explains the peculiarities of the values that serve as a model for the con-struction of the identity of a modern person.
Режим доступа: по договору с организацией-держателем ресурса
言語:ロシア語
出版事項: 2014
主題:
オンライン・アクセス:http://journal-s.org/index.php/vmno/article/view/3879
http://elibrary.ru/item.asp?id=22673069
フォーマット: MixedMaterials 電子媒体 図書の章
KOHA link:https://koha.lib.tpu.ru/cgi-bin/koha/opac-detail.pl?biblionumber=640998

MARC

LEADER 00000naa0a2200000 4500
001 640998
005 20251224134428.0
035 |a (RuTPU)RU\TPU\network\5876 
090 |a 640998 
100 |a 20150506d2014 k||y0rusy50 ca 
101 0 |a rus 
102 |a RU 
135 |a drcn ---uucaa 
181 0 |a i  
182 0 |a b 
200 1 |a Генезис общества потребления и практики конструирования идентичности в условиях культуры демонстративного потребления  |d Genesis of the consumer society and practices of identity construction in terms of conspicuous consumption culture  |f Ю. А. Чайка, Л. Г. Аверкиева 
203 |a Текст  |c электронный 
300 |a Заглавие с экрана 
320 |a [Библиогр.: с. 3273 (6 назв.)] 
330 |a Статья рассматривает понятия «общества потребления» и культурной идентификации индивида, которая обусловлена развитием демонстративного потребления в современном мире. Особое внимание уделяется историческому генезису общества потребления и выдвижению СМИ на первый план в сфере формирования потребностей современного потребителя. Также затрагиваются те ценности, которые сегодня являются образцом для конструирования идентичности. 
330 |a The paper deals with such notions as «consumer society» and cultural identity of a person, which is determined by the development of conspicuous consumption in the modern world. The highlights of this article are the historical genesis of the consumer society and the growing role of the Mass Media in the formation of modern consumer needs. The paper also explains the peculiarities of the values that serve as a model for the con-struction of the identity of a modern person. 
333 |a Режим доступа: по договору с организацией-держателем ресурса 
461 |t В мире научных открытий  |d 2008- 
463 |t № 11 (8)  |v [С. 3265-3273]  |d 2014 
510 1 |a Genesis of the consumer society and practices of identity construction in terms of conspicuous consumption culture  |z eng 
610 1 |a электронный ресурс 
610 1 |a труды учёных ТПУ 
610 1 |a общество потребления 
610 1 |a культурная идентичность 
610 1 |a культурные ценности 
700 1 |a Чайка  |b Ю. А.  |c старший преподаватель Томского политехнического университета  |c лингвист  |f 1980-  |g Юлия Александровна  |y Томск  |3 (RuTPU)RU\TPU\pers\30949  |9 15187 
701 1 |a Аверкиева  |b Л. Г.  |c лингвист  |c старший преподаватель Томского политехнического университета  |f 1973-  |g Любовь Геннадьевна  |3 (RuTPU)RU\TPU\pers\24569  |9 10868 
712 0 2 |a Национальный исследовательский Томский политехнический университет (ТПУ)  |b Институт социально-гуманитарных технологий (ИСГТ)  |b Кафедра иностранных языков (ИЯСГТ)  |3 (RuTPU)RU\TPU\col\18376 
801 2 |a RU  |b 63413507  |c 20150506  |g RCR 
856 4 |u http://journal-s.org/index.php/vmno/article/view/3879 
856 4 |u http://elibrary.ru/item.asp?id=22673069 
942 |c CF